Engineering Thermodynamics (Record no. 1291)
[ view plain ]
| 000 -LEADER | |
|---|---|
| Fixed length control field | 00479nam a2200169 4500 |
| 003 - CONTROL NUMBER IDENTIFIER | |
| Control field | SEACOMEC |
| 005 - DATE AND TIME OF LATEST TRANSACTION | |
| Control field | 20240605123339.0 |
| 008 - FIXED-LENGTH DATA ELEMENTS--GENERAL INFORMATION | |
| Fixed length control field | 240605b |||||||| |||| 00| 0 eng d |
| 020 ## - INTERNATIONAL STANDARD BOOK NUMBER / ISBN | |
| International Standard Book Number | 0-19-568905-4 |
| Price | Rs.325.00 |
| 040 ## - CATALOGING SOURCE | |
| Original cataloging agency | SEACOMEC |
| 082 ## - DEWEY DECIMAL CLASSIFICATION NUMBER | |
| Classification number | 621.4021 |
| Book Number | R964 |
| 100 ## - MAIN ENTRY--PERSONAL NAME | |
| Personal name | Russell, Lynn D |
| 245 1# - TITLE STATEMENT | |
| Title | Engineering Thermodynamics |
| Statement of responsibility | Lynn D Russell and George A Adebiyi, |
| 260 ## - IMPRINT | |
| Place of publication | New Delhi |
| Name of publisher | Oxford University Press |
| Date of publication | 2007 |
| 650 ## - SUBJECT ADDED ENTRY--TOPICAL TERM | |
| Topical term | Mechanical |
| 942 ## - ADDED ENTRY ELEMENTS (KOHA) | |
| Koha item type | Books |
| Withdrawn status | Lost status | Source of classification | Damaged status | Not for loan | Home library | Current library | Date acquired | Total Checkouts | Call number | Accession number | Date last seen | Price effective from | Koha item type | Copy number |
|---|---|---|---|---|---|---|---|---|---|---|---|---|---|---|
| Dewey Decimal Classification | SEACOM ENGINEERING COLLEGE | SEACOM ENGINEERING COLLEGE | 07/02/2008 | 621.4021 R964 | 9728 | 05/06/2024 | 05/06/2024 | Books | ||||||
| Dewey Decimal Classification | SEACOM ENGINEERING COLLEGE | SEACOM ENGINEERING COLLEGE | 07/02/2008 | 621.4021 R964 | 9729 | 05/06/2024 | 05/06/2024 | Books | 1 |
